Países con 25 millones de personas en 2100 - Estadísticas

Estadísticas generales
  • Esta prueba ha sido intentada 83 veces
    65 desde el último reinicio
  • La puntuación promedio es 41 de 65
Estadísticas de respuestas
Población País % Correcto
433,853,891 Estados Unidos
94%
1,064,993,459 China
92%
33,209,863 España
90%
1,450,420,839 India
90%
141,509,743 México
90%
56,802,489 Argentina
88%
180,682,756 Brasil
88%
320,782,424 Indonesia
88%
126,142,656 Rusia
88%
65,497,773 Francia
86%
74,740,598 Alemania
84%
45,221,262 Colombia
84%
224,735,180 Egipto
84%
39,992,914 Italia
82%
74,959,377 Japón
80%
164,947,332 Níger
80%
42,876,722 Australia
78%
732,941,597 Nigeria
78%
403,102,827 Pakistán
78%
56,953,227 Canadá
76%
362,031,082 República Democrática del Congo
76%
151,393,020 Bangladés
75%
39,158,182 Perú
75%
34,240,725 Venezuela
75%
70,704,619 Argelia
73%
46,015,543 Tailandia
73%
107,711,273 Irak
71%
78,053,360 Reino Unido
71%
86,170,458 Turquía
71%
294,392,896 Etiopía
69%
79,190,833 Sudáfrica
69%
98,587,984 Irán
67%
125,423,854 Kenia
67%
97,437,278 Vietnam
67%
75,166,964 Afganistán
63%
188,283,138 Angola
63%
146,327,435 Filipinas
63%
285,651,848 Tanzania
63%
40,078,168 Malasia
57%
142,342,349 Sudán
57%
53,515,360 Senegal
55%
75,716,432 Somalia
55%
123,646,947 Mozambique
53%
136,784,883 Uganda
53%
90,225,182 Camerún
51%
61,849,818 Chad
47%
27,917,822 Kazajistán
47%
55,298,936 Myanmar
47%
36,103,167 Siria
47%
80,382,703 Malí
45%
31,616,064 Sudán del Sur
45%
96,632,721 Costa de Marfil
43%
99,957,337 Madagascar
41%
81,546,200 Zambia
41%
30,965,416 Zimbabue
41%
79,011,407 Ghana
39%
33,412,648 Ruanda
37%
50,904,082 Burundi
31%
45,256,868 Guinea
31%
26,949,191 Togo
29%
54,171,323 Yemen
29%
66,559,388 Malaui
25%
42,270,848 Uzbekistán
25%
47,208,993 Benín
24%
31,270,072 Guatemala
22%
No se encontraron pruebas coincidentes
Distribución de puntuación
Porcentaje de gente con cada puntuación
Porcentaje por número respondido
Historial de tus puntuaciones
No has intentado esta prueba desde el último reinicio